Jogadores do São Paulo campeões na Copa do Mundo - Statistics

Estatísticas Gerais
  • Esse quiz foi jogado 100 vezes
  • A pontuação média é 5 de 13
Estatísticas das Respostas
Hint Resposta % Correto
2002 Rogério Ceni
92%
2002 Kaka
78%
1994 Cafu
69%
1994 Muller
53%
1994 Zetti
52%
2002 Belletti
40%
1994 Leonardo
36%
1962 Bellini
24%
1970 Gerson
22%
1958 Mauro
19%
1958 De Sordi
9%
1958 Dino Sani
9%
1962 Jurandir
5%
Nenhum quiz correspondente encontrado
Distribuição das Pontuações
Porcentagem de Pessoas com Cada Pontuação
Percentil de Números Respondidos
Sua Pontuação Histórica
Você não jogou esse quiz